Smart Sensors and Sensing Technology / (Record no. 11163)
[ view plain ]
| 000 -LEADER | |
|---|---|
| fixed length control field | 00984nam a22003015a 4500 |
| 001 - CONTROL NUMBER | |
| control field | 15308327 |
| 005 - DATE AND TIME OF LATEST TRANSACTION | |
| control field | 20201128020732.0 |
| 008 - FIXED-LENGTH DATA ELEMENTS--GENERAL INFORMATION | |
| fixed length control field | 080528s2008 nyu 000 0 eng |
| 010 ## - LIBRARY OF CONGRESS CONTROL NUMBER | |
| LC control number | 2008929910 |
| 020 ## - INTERNATIONAL STANDARD BOOK NUMBER | |
| International Standard Book Number | 9783540795896 (hardcover) |
| 020 ## - INTERNATIONAL STANDARD BOOK NUMBER | |
| International Standard Book Number | 9783540795902 (e-ISBN) |
| 040 ## - CATALOGING SOURCE | |
| Original cataloging agency | DLC |
| Transcribing agency | DLC |
| 082 ## - DEWEY DECIMAL CLASSIFICATION NUMBER | |
| Edition number | 22 |
| Classification number | 629.89 |
| Item number | MUK |
| 245 10 - TITLE STATEMENT | |
| Title | Smart Sensors and Sensing Technology / |
| Statement of responsibility, etc | [Edited by] Subhas Chandra Mukhopadhya, G. Sen Gupta. |
| 250 ## - EDITION STATEMENT | |
| Edition statement | 1st ed. |
| 260 ## - PUBLICATION, DISTRIBUTION, ETC. (IMPRINT) | |
| Place of publication, distribution, etc | New York : |
| Name of publisher, distributor, etc | Springer, |
| Date of publication, distribution, etc | c2008. |
| 263 ## - PROJECTED PUBLICATION DATE | |
| Projected publication date | 0807 |
| 300 ## - PHYSICAL DESCRIPTION | |
| Extent | xxii, 411 p. : |
| Other physical details | ill. ; |
| Dimensions | 25 cm. |
| 440 ## - | |
| -- | Lecture notes electrical engineering ; |
| -- | vol. 20 |
| -- | ISSN 1876-1100 |
| -- | 3060 |
| 504 ## - BIBLIOGRAPHY, ETC. NOTE | |
| Bibliography, etc | Includes bibliographical references and index. |
| 650 ## - SUBJECT ADDED ENTRY--TOPICAL TERM | |
| 9 (RLIN) | 3056 |
| Topical term or geographic name as entry element | Sensor networks |
| 650 ## - SUBJECT ADDED ENTRY--TOPICAL TERM | |
| 9 (RLIN) | 3057 |
| Topical term or geographic name as entry element | Automatic control |
| 650 ## - SUBJECT ADDED ENTRY--TOPICAL TERM | |
| 9 (RLIN) | 3058 |
| Topical term or geographic name as entry element | Smart sensors |
| 700 ## - ADDED ENTRY--PERSONAL NAME | |
| 9 (RLIN) | 3054 |
| Personal name | Mukhopadhya, Subhas Chandra |
| 700 ## - ADDED ENTRY--PERSONAL NAME | |
| 9 (RLIN) | 3059 |
| Personal name | Sen Gupta, Gourab |
| 942 ## - ADDED ENTRY ELEMENTS (KOHA) | |
| Source of classification or shelving scheme | Dewey Decimal Classification |
| Item type | Book - Borrowing |
| Withdrawn status | Item status | Source of classification or shelving scheme | Damaged status | Not for loan | Vendor | Home library | Current library | Shelving location | Date acquired | Source of acquisition | Cost, normal purchase price | Serial Enumeration / chronology | Total Checkouts | Total Renewals | Full call number | Barcode | Date last seen | Date last borrowed | Koha item type |
|---|---|---|---|---|---|---|---|---|---|---|---|---|---|---|---|---|---|---|---|
| Dewey Decimal Classification | Alahram | Central Library | Central Library | First floor | 02/04/2009 | 799.00 | 362 | 1 | 2 | 629.89 MUK | 000015751 | 15/07/2025 | 29/09/2014 | Book - Borrowing |